Ends in 'NO' Quiz Stats

 Plays Quiz Updated Dec 5, 2018

Also try: Ends in 'NA'
Challenge
Share
Tweet
Embed
Score 0/30 Timer 07:00
1 Play Today
Hint Answer % Correct
A person or animal who lacks normal pigmentationalbino
84.8%
Game that features cards such as skip, draw two and reverseUno
79.8%
Caesar's Palace or The Mirage, for examplecasino
78.4%
A long, wide-sleeved Japanese robe kimono
74.2%
High pitched vocal rangesoprano
72.4%
A vent in the Earth's crust through which molten rock and gases are ejectedvolcano
72.3%
Modern stone age family petDino
72.2%
Follows box, grand or uprightpiano
69.2%
A large, uncontrollable fire or part of The Divine Comedyinferno
65.8%
Coffee topped with foamcappuccino
65.4%
His films include the Godfather trilogy and ScarfaceAl Pacino
63.4%
Bat excrementguano
61.6%
Carson's replacementJay Leno
61.5%
Singer and activist, born Paul David HewsonBono
61%
'Everybody Loves' Manny from 'Ice Age'Ray Romano
59.2%
Hint Answer % Correct
She was widowed on Dec. 8th, 1980Yoko Ono
57%
His films include Pulp Fiction and Reservoir DogsQuentin Tarantino
54.2%
Site of the 1998 Winter OlympicsNagano
54.2%
Dietary supplement used to prevent flatulence or a British children's comicBeano
54%
Eight-time Winter Olympics medalist short track speed skaterApolo Anton Ohno
51.5%
Roman goddess, Canadian music award or a 2007 filmJuno
47.8%
A common herb, member of the mint familyoregano
45.7%
A resident of Manila, for exampleFilipino
41.3%
A common gambling game similar to Bingokeno
40%
An elementary particle that travels close to the speed of lightneutrino
27.6%
Singer of Ain't That a Shame and Blueberry HillFats Domino
27.3%
Describes a horse with a gold coat and white mane and tailpalomino
24.6%
Heavyweight boxing champion from 1952-1956Rocky Marciano
18.1%
This Italian actor was one of the most popular stars of the silent film eraRudolph Valentino
16.3%
This country borders only one countrySan Marino
11.3%

You're not logged in!

Compare scores with friends on all Sporcle quizzes.
OR
Log In

You Might Also Like...

Show Comments

Extras

Top Quizzes Today


Score Distribution

Your Account Isn't Verified!

In order to create a playlist on Sporcle, you need to verify the email address you used during registration. Go to your Sporcle Settings to finish the process.

Report this User

Report this user for behavior that violates our Community Guidelines.

Details: